LEADER 01109nam0 22002771i 450 001 UON00213064 005 20231205103342.704 010 $a88-317-6773-9 100 $a20030730d1997 |0itac50 ba 101 $aita 102 $aIT 105 $a|||| ||||| 200 1 $aGuerra ai civili$eoccupazione tedesca e politica del massacro. Toscana 1944$fMichele Battini$gPaolo Pezzino 210 $aVenezia$cMarsilio$d1997. XXIV$d556 p. ; 24 cm. 410 1$1001UON00066081$12001 $aSaggi Marsilio. Storia e scienze sociali 606 $aTOSCANA$xStoria$xSec. 20.$3UONC044686$2FI 620 $aIT$dVenezia$3UONL000039 700 1$aBATTINI$bMichele$3UONV118340$0144283 701 1$aPEZZINO$bPaolo$3UONV105198$0134319 712 $aMarsilio$3UONV246600$4650 801 $aIT$bSOL$c20240220$gRICA 899 $aSIBA - SISTEMA BIBLIOTECARIO DI ATENEO$2UONSI 912 $aUON00213064 950 $aSIBA - SISTEMA BIBLIOTECARIO DI ATENEO$dSI III STORIAEUR D A 2241 $eSI SC 33471 5 2241 996 $aGuerra ai civili$9624594 997 $aUNIOR LEADER 01625oas 2200541 a 450 001 9910996537903321 005 20190925160015.0 035 $a(OCoLC)ocn268661499 035 $a(OCoLC)268661499 035 $a(EXLCZ)9938472244300041 100 $a20081103a20089999 uy 101 0 $aeng 135 $aur||||||||||| 181 $ctxt$2rdacontent 182 $cc$2rdamedia 183 $acr$2rdacarrier 200 00$aAcentos review 210 $a[Bronx, N.Y.] $cAcentos Foundation 606 $aHispanic Americans$vLiterary collections$vPeriodicals 606 $aAmerican literature$xHispanic American authors$vPeriodicals 606 $aHispanic American art$vPeriodicals 606 $aAmerican literature$xHispanic American authors$2fast$3(OCoLC)fst00807169 606 $aHispanic American art$2fast$3(OCoLC)fst00957333 606 $aHispanic Americans$2fast$3(OCoLC)fst00957523 608 $aPeriodicals.$2fast 608 $aLiterary collections.$2fast 608 $aPeriodicals.$2lcgft 615 0$aHispanic Americans 615 0$aAmerican literature$xHispanic American authors 615 0$aHispanic American art 615 7$aAmerican literature$xHispanic American authors. 615 7$aHispanic American art. 615 7$aHispanic Americans. 712 02$aAcentos Foundation. 801 0$bWAU 801 1$bWAU 801 2$bOCLCQ 801 2$bOCLCF 801 2$bOCLCO 801 2$bWAU 801 2$bOCLCO 801 2$bOCLCQ 801 2$bOCL 801 2$bOCLCO 912 $a9910996537903321 994 $a92$bOCACL 996 $aAcentos review$94371848 997 $aUNINA